PHP sprawdzian - Statystyki

Ogólne statystyki
  • Ten quiz został rozwiązany 3 razy
  • Średni wynik to 6 z 60
Statystyki odpowiedzi
Hint Odpowiedź % Poprawnych
obrazek +=
100%
W języku PHP operatorem reszty z dzielenia jest: %
100%
Który zapis definiuje w języku PHP komentarz wieloliniowy? /* */
100%
obrazek 10
33%
Wynikiem działania pętli for w przedstawionym kodzie PHP jest wyświetlenie liczb 1 1
33%
Wynikiem działania pętli for w przedstawionym kodzie PHP jest wyświetlenie liczb(obrazek) 1 1
33%
Zapisaną językiem PHP funkcję o nazwie policz wywołano z argumentem $Z = 1. Jaki wynik zostanie zwrócony? 13
33%
Zapisaną językiem PHP funkcję o nazwie policz wywołano z argumentem $Z = 1. Jaki wynik zostanie zwrócony? 13
33%
(obrazek) 2
33%
W języku PHP zapisano fragment kodu. Po zakończeniu pętli zmienna a przyjmie wartość 20
33%
Ile iteracji zrealizuje przedstawiona pętla zapisana w języku PHP? 5
33%
for($i = 0; $i < 25; $i += 5) { … } Ile iteracji zrealizuje przedstawiona pętla zapisana w języku PHP? 5
33%
Aby zamieścić aplikację PHP w internecie, należy jej pliki źródłowe skopiować na serwer za pomocą protokołu FTP
33%
Działaniem przedstawionego kodu PHP będzie wypełnienie tablicy 10 losowymi wartościami, a następnie wypisanie wartości ujemnych
0%
Wynikiem wykonania przedstawionego kodu PHP jest wypisanie wartości(obrazek) 147
0%
Który kod jest alternatywny do kodu zamieszczonego w ramce?(OBRAZEK) A
0%
Wskaż wynik wykonania skryptu napisanego w języku PHP(obraz) A
0%
W języku PHP, dla zmiennych a = 5 i b = 3 wartość typu zmiennoprzecinkowego zwróci wyrażenie a / b
0%
Jaka treść komunikatu powinna być wstawiona w przedstawionym kodzie PHP zamiast znaków zapytania? Błąd połączenia z serwerem SQL
0%
Przedstawiony kod języka PHP(obrazek) definiuje tablicę z trzema wartościami
0%
Który z komentarzy opisuje zadanie zdefiniowanej w języku PHP funkcji? /*Funkcja zwraca wartość wyższą z dwóch podanych, gdy są równe zwraca wartość -1 */
0%
Po wykonaniu przedstawionego kodu PHP w zmiennej $napis jest przechowywany ciąg znaków gramo
0%
W aplikacjach internetowych tablice asocjacyjne to tablice, w których indeks jest łańcuchem tekstowym
0%
Warunek zapisany językiem PHP wypisze liczbę, gdy jest ona parzysta
0%
Które z poniższych zdań dotyczących zasad programowania w języku PHP jest prawdziwe? Jest to język o słabej kontroli typów
0%
Które z poniższych zdań dotyczących zasad programowania w języku PHP jest prawdziwe? Jest to język o słabej kontroli typów
0%
Jeśli zmienna $x przechowuje dowolną liczbę naturalną dodatnią, przedstawiony kod źródłowy PHP ma za zadanie wyświetlić kolejne liczby od 0 do x-1
0%
Dany jest fragment kodu PHP z zdeklarowaną zmienną typu tablicowego. W wyniku wykonania kodu zostanie wpisane imię Krzysztof
0%
. Która z wymienionych funkcji sortowania wykorzystywana w języku PHP sortuje tablicę asocjacyjną według indeksów ksort()
0%
Witryna internetowa wysyła dane poufne za pomocą formularza do kodu PHP. Która metoda wysłania jest najbardziej bezpieczna? Metoda POST, za pomocą protokołu HTTPS
0%
Witryna internetowa wysyła dane poufne za pomocą formularza do kodu PHP. Która metoda wysłania jest najbardziej bezpieczna? Metoda POST, za pomocą protokołu HTTPS
0%
W języku PHP zapisano fragment kodu działającego na bazie MySQL. Jego zadaniem jest wypisanie miasta i kodu pocztowego z pierwszego zwróconego rekordu
0%
W jakim formacie będzie wyświetlana data po uruchomieniu przedstawionego kodu? Monday, 10th July 2017
0%
W języku PHP, wykonując operacje na bazie danych MySQL, aby zakończyć pracę z bazą, należy wywołać mysqli_close();
0%
W języku PHP, aby połączyć się z bazą danych MySQL przy pomocy biblioteki mysqli, stosując zamieszczony zapis, w miejscu litery 'c' należy zapisać nazwę użytkownika
0%
obrazek Nieskończoną ilość razy
0%
Które wyrażenie logiczne w języku PHP sprawdza, czy zmienna1 należy do przedziału jednostronnie domkniętego <-5, 10)? obrazek
0%
Program zapisany w języku PHP ma za zadanie obliczyć średnią pozytywnych ocen ucznia od 2 do 6 $ocena >= 2 and $ocena <= 6
0%
Zadaniem funkcji PHP o nazwie mysql_select_db() jest określić bazę, z której będą pobierane dane
0%
Wskaż wszystkie znaki umożliwiające komentowanie kodu języku PHP /* */ oraz // oraz #
0%
Za pomocą, której funkcji języka PHP można ustanowaić połączenie z bazą danych o nazwie zwierzaki? $polacz = mysqli_connect('localhost', 'root', '', 'zwierzaki');
0%
Przedstawiony błąd, wygenerowany podczas interpretacji kodu PHP, może być spowodowany próbą odwołania się do nieistniejącego elementu tablicy.
0%
Przedstawiony błąd, wygenerowany podczas interpretacji kodu PHP, może być spowodowany próbą odwołania się do nieistniejącego elementu tablicy
0%
Wskaż wynik wykonania przedstawionego kodu PHP, jeżeli zmienna tab jest tablicą sarny dziki
0%
Formularz wysyła dane do skryptu skrypt.php po wciśnięciu przycisku o treści „WYŚLIJ”. Wskaż poprawną definicję formularza. skrypt 4
0%
W celu zmodyfikowania tekstu "ala ma psa" na "ALA MA PSA" należy użyć funkcji PHP strtoupper("ala ma psa");
0%
Wartość i typ zmiennej w języku PHP można sprawdzić za pomocą funkcji var_dump()
0%
obrazek Wyświetlą się oba napisy: „test1” i „test2”.
0%
Co będzie wynikiem po wywołaniu przedstawionego skryptu? Wyświetlą się oba napisy: „test1” i „test2”
0%
Co będzie wynikiem po wywołaniu przedstawionego skryptu?(obrazek) Wyświetlą się oba napisy: „test1” i „test2”
0%
Dana jest tablica o nazwie tab wypełniona liczbami całkowitymi różnymi od zera. Przedstawiony kod zapisany w języku PHP ma za zadanie: zamienić wszystkie elementy tablicy na liczby z przeciwnym znakiem
0%
Wskaż wynik wykonania skryptu PHP(obraz) zielony, niebieski, czarny, biały,
0%
W języku PHP zapisano fragment kodu. Plik cookie stworzony tym poleceniem zostanie usunięty po jednym dniu od jego utworzenia
0%
Przedstawiony fragment kodu PHP działa poprawnie i ma za zadanie wyświetlić na stronie internetowej dane pobrane kwerendą z bazy danych. Z ilu pól zostaną wyświetlone dane? Z trzech pól.
0%
Przedstawiona funkcja zapisana w języku PHP(obrazek) zwraca wartość
0%
Przedstawiona funkcja zapisana w języku PHP zwraca wartość.
0%
Przedstawiona funkcja zapisana w języku PHP(obrazek) zwraca wartość.
0%
Zadaniem funkcji zapisanej w języku PHP jest Zwrócenie wartości 1, gdy liczba jest parzysta
0%
Zadaniem funkcji zapisanej w języku PHP jest Zwrócenie wartości 1, gdy liczba jest parzysta
0%
Zadaniem funkcji PHP o nazwie mysql_num_rows() jest zwrócić liczbę wierszy znajdujących się w wyniku zapytania
0%
Nie znaleziono quizów pasujących do podanych kryteriów
Rozkład punktacji
Procent ludzi z każdym wynikiem
Percentyl według liczby udzielonych odpowiedzi
Twoja historia wyników
Nie rozwiązałeś tego quizu